| 000 | 00605cab a2200205 4500 | ||
|---|---|---|---|
| 001 | WB2447-39 | ||
| 008 | 090401t1988 xxu||||| |||| 00| 0 eng d | ||
| 035 | _a(Sirsi) u76950 | ||
| 041 | _aeng | ||
| 245 | _aLetting agencies | ||
| 260 | _c1988 | ||
| 350 | _a0 | ||
| 490 |
_aIndependent _v23/11/88 p3 |
||
| 520 | _aA report entitled " Accommodation Agencies " from the National Consumer Council , calls for a change in the law to stop exploitation of tenants. | ||
| 650 | _aLETTING AGENTS | ||
| 650 | _aRENTED PROPERTY | ||
| 690 | _aPROPERTY LAW AND PRACTICE | ||
| 942 | _n0 | ||
| 948 | _c04/03/1997 | ||
| 999 |
_c48349 _d48349 |
||